| 000 | 00779nam a2200205 a 4500 | ||
|---|---|---|---|
| 001 | 000035192 | ||
| 005 | 20200930074151.0 | ||
| 008 | 111025s1965 mx 000 0 spa d | ||
| 040 |
_aDO-SdBNP _bspa _cBNPHU |
||
| 082 |
_axxxx _bS638s |
||
| 100 | 1 |
_aSmelser, Neil J. _960923 |
|
| 240 | 1 | 0 |
_aThe sociology of economic life _lEspañol |
| 245 | 1 | 0 |
_aSociología de la vida económica. / _cNeil J. Smelser ; traducción al español por el prof. Armando Huacuja E. |
| 260 |
_aMéxico : _bUnión Tipográfica Editorial Hispano Americana, _c1965. |
||
| 300 |
_a246 p. ; _c18 cm. |
||
| 500 | _aTraducido del inglés | ||
| 504 | _aBibliografía : p.238-240 | ||
| 590 | _aPerteneció a la biblioteca personal de Juan Isidro Jimenes Grullón. | ||
| 700 | 1 |
_aHuacuja E., Armando _etr. _960924 |
|
| 999 |
_c34683 _d34683 |
||